000 00565nam a22002177a 4500
003 OSt
005 20140310182832.0
008 130603t xxu||||| |||| 00| 0 eng d
020 _a9780071327411
050 _aQ 158.5
_b.T575 2012
082 _aM 500.22
_bT575 2012
245 _aPhysical science
_cTillery, Bill W.
250 _a9th ed.
260 _aNew York, N.Y.
_bMcGraw-Hill
_cc2012
300 _axx, 715 p.
_bill. col., maps
_c27 cm.
521 _aCollege students
526 _c1210L-1700L
541 _j1
562 _e1
942 _2lcc
_cBK
_kM
999 _c16654
_d16654